Authors 7-to-1 Quiz Stats

 Plays Quiz not verified by Sporcle

Challenge
Share
Tweet
Embed
Score 0/28 Timer 06:00
1 Play Today
% Correct
Ernest Hemingway
89.9%
Arthur Miller
89.7%
J.D. Salinger
88.3%
Fyodor Dostoyevsky
86.5%
Charles Dickens
86.1%
Anton Chekhov
85.7%
Aleksandr Solzhenitsyn
85.7%
John Grisham
85.4%
Edgar Allan Poe
85.2%
James Joyce
82.5%
Gabriel García Márquez
81.4%
Oscar Wilde
81%
Gustave Flaubert
80.7%
Marcel Proust
79.2%
% Correct
Leo Tolstoy
78.6%
Émile Zola
76.1%
Lewis Carroll
74.5%
Samuel Beckett
69.2%
H.G. Wells
68.8%
Roddy Doyle
63.3%
D.H Lawrence
61.5%
Thomas Hardy
58.6%
Aldous Huxley
58%
Chuck Palahniuk
55.2%
Bram Stoker
54.7%
Katherine Mansfield
51.8%
Erica Jong
48.8%
Witi Ihimaera
47.8%

You're not logged in!

Compare scores with friends on all Sporcle quizzes.
OR
Log In

You Might Also Like...

Show Comments

Extras

Top Quizzes Today


Score Distribution

Your Account Isn't Verified!

In order to create a playlist on Sporcle, you need to verify the email address you used during registration. Go to your Sporcle Settings to finish the process.

Report this User

Report this user for behavior that violates our Community Guidelines.

Details: